| 000 | 00640nam a2200229Ia 4500 | ||
|---|---|---|---|
| 003 | OSt | ||
| 005 | 20230531113153.0 | ||
| 008 | 210423s2012 xx 000 0 und d | ||
| 020 | _a978-81-316-0552-3 | ||
| 040 | _cAL | ||
| 041 | _aeng | ||
| 082 | _a361.3 PARS | ||
| 100 |
_aPARRISH (Margarete) _9117726 |
||
| 245 | _aSocial work perspectives on human behaviour | ||
| 260 |
_aNew Delhi _bRawat Publications _c2012 |
||
| 300 |
_aix,305 _bHB |
||
| 365 |
_b1100 _cINR |
||
| 650 |
_aSocial Problems & Services _9117727 |
||
| 650 |
_aSocial Work _9117728 |
||
| 906 | _abehaviour ; human ; perspectives ; Social ; work | ||
| 942 |
_2ddc _cBK |
||
| 999 |
_c176386 _d176386 |
||